000
00301nam a22001337a 4500
008
170606b xxu||||| |||| 00| 0 eng d
020
_a
0299138844
041
_a
eng
080
_a
93
100
_a
18
101
_a
SHH
245
_a
THE RISING TIDE OF CULTURAL PLURALISM
_c
YOUNG, C
942
_2
udc
_c
BK
999
_c
16067
_d
16067